00279nam a2200109Ia 4500008004100000100001700041245003400058250000900092260004200101300000800143650001800151191201s1975 xx 000 0 und d aCRISPIN, F S 0aDictionary of Technical Terms a11th aN.DelhibOxford Universty Pressc1975 a455 aGeneral Books